000 00567nam a2200229Ia 4500
003 OSt
005 20220924142348.0
006 a|||||r|||| 00| 0
007 ta
008 220923b |||||||| |||| 00| 0 ben d
024 _a301653
037 _cTextual
040 _aARTS
_cARTS
_bben
041 _2ben
_aben
082 _aV460Q7:1.E9, 157F4.1
100 _aHosen K.A.
_9213292
245 0 _aIslamer itihas
260 _c1924
650 _aHISTORY
942 _hV460Q7:1.E9, 157F4.1
_cTEXL
_2CC
999 _c450466
_d450466